000 00684nam a2200241Ia 4500
003 GCL
008 140319s9999 xx 000 0 ara d
040 _aGCL /
_cGCL
082 0 4 _aق
_b215.96216
_bا ا
100 1 _aاحمد محمد عوف
245 1 0 _aالازهر فى الف عام /
_cاحمد محمد عوف
260 _a[S.N] :
_bمجمع البحوث الاسلامية ،
_c1970
300 _a150 ص
490 _a
650 0 4 _aالعصر الحديث
650 0 4 _aمصر
650 0 4 _aتاريخ
650 0 4 _aالدين الاسلامى
650 0 4 _aالمساجد
650 0 4 _aالقاهرة
650 0 4 _aالازهر (جامع)
942 _2ddc
_cBK
999 _c58432
_d58432